Datum a čas kvízu
20.5
Celkem bodů
Celkový počet nahraných bodů na tomto kvízu bez doplňovacích otázek.
13.
Pořadí na kvízu
Konečné umístění týmu na tomto kvízu.
Zaznamenané odpovědi
| # | Otázka | Odpověď | Body | Výsledky |
|---|---|---|---|---|
| 1. | Minulý týden navštívili Pražsk... | Argentina, Slovensko | 0.5 | |
| 2. | Minulý týden jsme se dozvěděli... | A) elektrokol | 0 | |
| 3. | Minulý týden jsme se dozvěděli... | Tereza Pergnerová | 0 | |
| 4. | Ve čtvrtek byla veřejnosti pře... | v Ostravě | 1 | |
| 5. | Tak trochu ve stínu Eura se v... | Copa América | 0 | |
| 6. | Pojmenování spojená s reproduk... | zmetek | 1 | |
| 7. | Jak se jmenuje zobrazené asijs... | kašmírská koza | 1 | |
| 8. | Které z následujících tvrzení... | D | 1 | |
| 9. | Jak se jmenuje člověkem vyhube... | pratur | 1 | |
| 10. | Zvířata, která mají vlnu, vylu... | lanolin | 1 |